000 00287nam a2200109Ia 4500
008 190906s9999||||xx |||||||||||||| ||und||
100 _a Saeed Mushtaq Hussain
245 0 _aBon Sai Sazi : Bonsai Techniques
260 _aKarachi
_bWafaqi Urdu University
_c2016
300 _a192
942 _cBK
999 _c6105
_d6105